Chevrolet Cars by Picture - Statistics

General Stats
  • This quiz has been taken 214 times
  • The average score is 13 of 26
Answer Stats
Picture Answer % Correct
Corvette
98%
Camaro
94%
Silverado
86%
Tahoe
85%
Suburban
69%
Colorado
61%
Equinox
60%
El Camino
58%
Malibu
57%
Blazer
55%
Traverse
54%
Impala
52%
Volt
51%
Avalanche
49%
Trailblazer
47%
Bolt
46%
Spark
44%
SSR
39%
HHR
38%
Express
37%
Trax
35%
SS
32%
Sonic
29%
Corvair
27%
Uplander
17%
City Express
11%
No matching quizzes found
Score Distribution
Percent of People with Each Score
Percentile by Number Answered
Your Score History
You have not taken this quiz